| 000 | 00527nam a22001697a 4500 | ||
|---|---|---|---|
| 003 | NUST | ||
| 038 | _aNusrat Nadeem | ||
| 082 | _a200 | ||
| 100 |
_aSeemab, Arjumand _917041 |
||
| 245 |
_aQualitative Theory of Fractional Differential Equations/ _c Arjumand Seemab |
||
| 264 |
_aIslamabad; _bSNS NUST; _c2020; |
||
| 300 |
_a112,p; _bill; _c30,cm; |
||
| 650 |
_aPhD-Mathematics _9123169 |
||
| 700 |
_aSupervisor: Dr. Mujeeb ur Rehman _9123628 |
||
| 856 | _uhttp://10.250.8.41:8080/xmlui/handle/123456789/26207 | ||
| 942 |
_2ddc _cSC |
||
| 999 |
_c609813 _d609813 |
||